| 000 | 01403cam a2200349 a 4500 | ||
|---|---|---|---|
| 999 |
_c26631 _d26631 |
||
| 001 | 14683060 | ||
| 005 | 20170206084434.0 | ||
| 008 | 061229s2007 enk b 001 0 eng | ||
| 010 | _a 2006103408 | ||
| 015 |
_aGBA689543 _2bnb |
||
| 016 | 7 |
_a013583602 _2Uk |
|
| 020 | _a019921624X (hbk. : alk. paper) | ||
| 020 | _a9780199216246 (hbk. : alk. paper) | ||
| 020 | _a0199216231 (pbk. : alk. paper) | ||
| 020 | _a9780199216239 (pbk. : alk. paper) | ||
| 035 | _a(OCoLC)ocm74522275 | ||
| 035 | _a(OCoLC)74522275 | ||
| 050 | 0 | 0 | _aBD418.3 .B77 2007 |
| 100 | 1 | _aBurge, Tyler. | |
| 245 | 1 | 0 |
_aFoundations of mind / _cTyler Burge. |
| 260 |
_aOxford : _bClarendon ; _aOxford ; _aNew York : _bOxford University Press, _c2007. |
||
| 300 |
_axiii, 494 p. ; _c24 cm. |
||
| 440 | 0 |
_aPhilosophical essays ; _v2 |
|
| 504 | _aIncludes bibliographical references (p. [465]-478) and indexes. | ||
| 650 | 0 | _aPhilosophy of mind. | |
| 856 | 4 | 1 |
_3Table of contents _uhttp://www.loc.gov/catdir/toc/fy0716/2006103408.html |
| 942 |
_2lcc _cBOOKS |
||